000
00296nam a2200133Ia 4500
100
_a
Mc Neilly Mark
942
_c
BK
654
_a
Business
245
_a
Sun T2U and the art of Business
260
_b
Oxford university
_c
1996
082
_a
658.409
_b
MCN
546
_a
ENGLISH
999
_c
34509
_d
34509